00540nam a22001937a 450000500170000001000130001702000110003003500130004103700170005404000120007108200130008310000140009624500600011026000470017027000460021730000300026365000250029365000280031820170124110252.0 aB-223330 c220.00 aB-223330 bCen Lib/ Ret aDPLbEN a000bRGU aR. Gupta  aCPWD junior engineers civil examination /cby R. Gupta  aNew Delhi bRamesh Publishing House c2008 bNew Delhi a12-H, New dariyaganj e110002 avarios pagings c23cm(Hb) aGeneral engineering  aStructural engineering